[Event "Norway Chess Open GM 2025"]
[Site "Stavanger NOR"]
[Date "2025.05.30"]
[Round "6.38"]
[White "Silva, Mariana"]
[Black "Abrahams, Daniel"]
[Result "0-1"]
[WhiteTitle "WFM"]
[BlackTitle "CM"]
[WhiteElo "2035"]
[BlackElo "2112"]
[WhiteFideId "1911899"]
[BlackFideId "2606879"]
[EventDate "2025.05.26"]

1. d4 Nf6 2. c4 e6 3. Nc3 d5 4. cxd5 exd5 5. Bg5 c6 6. e3 Be7 7. Bd3 Nbd7 8. Qc2
O-O 9. Nge2 Re8 10. O-O Nf8 11. f3 Be6 12. Bh4 Rc8 13. Rad1 a6 14. Bf2 c5 15.
dxc5 Bxc5 16. Nd4 b5 17. Qd2 Bb4 18. Rc1 N6d7 19. a3 Bd6 20. a4 b4 21. Nce2 Nc5
22. Bc2 Qb6 23. b3 Qb8 24. Bg3 Bxg3 25. Nxg3 Bd7 26. Rfe1 a5 27. Nge2 Nce6 28.
Bb1 Qe5 29. Rxc8 Rxc8 30. Rc1 Nxd4 31. Nxd4 Re8 32. Re1 Rc8 33. Rc1 Re8 34. Re1
Ne6 35. Ne2 g6 36. f4 Qd6 37. Rc1 Ng7 38. e4 Qb6+ 39. Kf1 Bg4 40. e5 Ne6 41. Bd3
Nc5 42. Qd1 Rd8 43. h3 Ne4 44. Qe1 Qe3 45. hxg4 Nd2+ 0-1

[Event "Norway Chess Open GM 2025"]
[Site "Stavanger NOR"]
[Date "2025.05.30"]
[Round "6.32"]
[White "Liu, Tianyi (Jack)"]
[Black "Lewandrowski, Tomasz"]
[Result "1-0"]
[WhiteElo "2112"]
[BlackElo "1979"]
[WhiteFideId "8627894"]
[BlackFideId "1154753"]
[EventDate "2025.05.26"]

1. e4 c5 2. Nf3 Nc6 3. d4 cxd4 4. Nxd4 e5 5. Nb5 d6 6. N1c3 a6 7. Na3 Be7 8. Be3
Nf6 9. Nc4 b5 10. Nb6 Rb8 11. Nxc8 Rxc8 12. a4 b4 13. Nd5 a5 14. Ba6 Rb8 15. Bb5
Qc8 16. Nxf6+ gxf6 17. Qd5 Kd7 18. O-O Qb7 19. c3 Kc7 20. Qc4 b3 21. Qxf7 Rbf8
22. Qxb3 Nd8 23. Qc4+ Kb8 24. Ba6 Qd7 25. Ra3 Rhg8 26. Rb3+ Ka8 27. Qd5+ Nc6 28.
Bb7+ Qxb7 29. Rxb7 Kxb7 30. b4 1-0

[Event "Norway Chess Open GM 2025"]
[Site "Stavanger NOR"]
[Date "2025.05.30"]
[Round "6.33"]
[White "Haugsdal, Arn-Tore"]
[Black "Elsness, Fredrik Valstad"]
[Result "1-0"]
[WhiteElo "1950"]
[BlackElo "2111"]
[WhiteFideId "1502352"]
[BlackFideId "1567829"]
[EventDate "2025.05.26"]

1. e4 c5 2. c3 d5 3. e5 Nc6 4. d4 cxd4 5. cxd4 Qb6 6. Nc3 e6 7. Nf3 Nge7 8. Bd3
Bd7 9. Bb1 Ng6 10. h4 Bb4 11. h5 Nge7 12. h6 g6 13. a3 Bxc3+ 14. bxc3 O-O 15. a4
Rac8 16. Ba3 Rfe8 17. Qd2 Qa5 18. Bc2 a6 19. O-O Qd8 20. Qf4 Na5 21. g4 Rxc3 22.
Bb4 Rxf3 23. Qxf3 Nec6 24. Bc5 b6 25. Bxb6 Qxb6 26. Qf6 Kf8 27. Bxg6 Nd8 28. Ra3
Qxd4 29. Bxf7 Nxf7 30. Rf3 Qxg4+ 31. Rg3 1-0

[Event "Norway Chess Open GM 2025"]
[Site "Stavanger NOR"]
[Date "2025.05.30"]
[Round "6.34"]
[White "Pragnya H G"]
[Black "Beisteiner, Joachim"]
[Result "1-0"]
[WhiteTitle "WFM"]
[WhiteElo "1929"]
[BlackElo "2109"]
[WhiteFideId "25609785"]
[BlackFideId "1682296"]
[EventDate "2025.05.26"]

1. e4 c6 2. d4 d5 3. e5 Bf5 4. Be3 Qb6 5. Qc1 e6 6. Nf3 Nd7 7. Nbd2 h6 8. Be2
Ne7 9. O-O Bh7 10. c4 Nf5 11. c5 Qc7 12. b4 Be7 13. Nb3 O-O 14. Bd2 Nh4 15. Nxh4
Bxh4 16. f4 Be4 17. g4 f6 18. Qc3 g5 19. Qh3 b6 20. Rac1 b5 21. Bc3 Rf7 22. Nd2
Raf8 23. Nxe4 dxe4 24. Qe3 gxf4 25. Qxe4 Rg7 26. Kh1 Bg5 27. Bf3 Rc8 28. exf6
Nxf6 29. Qxe6+ Rf7 30. Rce1 Kf8 31. h3 Rd7 32. Re5 Re7 33. Qf5 Rce8 34. Rfe1 Kg8
35. Re6 Kf7 36. d5 Rxe6 37. Rxe6 Rxe6 38. Qxe6+ Kg7 39. dxc6 1-0

[Event "Norway Chess Open GM 2025"]
[Site "Stavanger NOR"]
[Date "2025.05.30"]
[Round "6.39"]
[White "Simonsen, David Mindestrommen"]
[Black "Sivaparan, Isai"]
[Result "1/2-1/2"]
[WhiteElo "2104"]
[BlackElo "1997"]
[WhiteFideId "1565672"]
[BlackFideId "1585002"]
[EventDate "2025.05.26"]

1. e4 c5 2. Nf3 e6 3. g3 Nc6 4. Bg2 Nf6 5. Nc3 d6 6. O-O Be7 7. d4 cxd4 8. Nxd4
Bd7 9. Be3 O-O 10. Nb3 Ne5 11. Qe2 Rc8 12. a4 a6 13. a5 Rxc3 14. bxc3 Bb5 15.
Qd1 Bxf1 16. Qxf1 Qc7 17. f4 Nc4 18. Bf2 Ng4 19. Ra4 Rc8 20. Bh3 Nxf2 21. Qxf2
Bf6 22. Nd4 Bxd4 23. cxd4 Nxa5 24. d5 b5 25. Ra2 Re8 26. dxe6 fxe6 27. Qd4 e5
28. Qd5+ Kh8 29. f5 Qb6+ 30. Kh1 Qc7 31. Bg4 Rf8 32. Qe6 Qc4 33. Qxc4 Nxc4 34.
Rxa6 g6 35. Be2 1/2-1/2

[Event "Norway Chess Open GM 2025"]
[Site "Stavanger NOR"]
[Date "2025.05.30"]
[Round "6.22"]
[White "Aarts, Joaquin"]
[Black "Aravindhan, Achyuth"]
[Result "0-1"]
[BlackTitle "CM"]
[WhiteElo "1990"]
[BlackElo "2098"]
[WhiteFideId "1078224"]
[BlackFideId "1084216"]
[EventDate "2025.05.26"]

1. d4 d5 2. c4 dxc4 3. e3 Nf6 4. Bxc4 e6 5. Nf3 c5 6. O-O Nc6 7. Qe2 a6 8. a4
Be7 9. Nc3 O-O 10. Rd1 Qc7 11. dxc5 Bxc5 12. h3 e5 13. e4 Nd4 14. Nxd4 exd4 15.
Nd5 Nxd5 16. exd5 Bf5 17. Qf3 Bc2 18. Rd2 Bg6 19. b3 Qa5 20. Rda2 Rae8 21. Bd2
Bb4 22. Qd1 Rd8 23. Bxb4 Qxb4 24. Qd2 Qc5 25. Rd1 d3 26. a5 Rfe8 27. Qf4 Qb4 28.
Raa1 h6 29. Qg3 d2 30. f4 Bc2 31. Ra4 Qc5+ 0-1

[Event "Norway Chess Open GM 2025"]
[Site "Stavanger NOR"]
[Date "2025.05.30"]
[Round "6.41"]
[White "Zepeda Berlanga, Jan Enrique"]
[Black "Machin, Guillaume"]
[Result "0-1"]
[WhiteTitle "CM"]
[BlackTitle "CM"]
[WhiteElo "1941"]
[BlackElo "2069"]
[WhiteFideId "5132355"]
[BlackFideId "616648"]
[EventDate "2025.05.26"]

1. e4 e6 2. d4 d5 3. Nc3 Bb4 4. Ne2 Nc6 5. a3 Ba5 6. b4 Bb6 7. e5 f6 8. f4 fxe5
9. dxe5 Nh6 10. Na4 Nf5 11. Nxb6 axb6 12. c3 Bd7 13. Ng3 Qh4 14. Qh5+ g6 15.
Qxh4 Nxh4 16. Ra2 Na7 17. c4 Nc6 18. Rd2 O-O-O 19. Ne2 dxc4 20. Nc3 g5 21. fxg5
Nxe5 22. Bb2 Bc6 23. Nb1 Nef3+ 24. gxf3 Nxf3+ 25. Kd1 Rxd2+ 26. Nxd2 Rd8 27.
Bxc4 Nxd2 28. Bxe6+ Kb8 29. Re1 Nf3+ 30. Ke2 Nxe1 31. Kxe1 0-1

[Event "Norway Chess Open GM 2025"]
[Site "Stavanger NOR"]
[Date "2025.05.30"]
[Round "6.26"]
[White "Costache, Andrei Eugeniu"]
[Black "Charvi A"]
[Result "0-1"]
[BlackTitle "WFM"]
[WhiteElo "1952"]
[BlackElo "2056"]
[WhiteFideId "42206057"]
[BlackFideId "25165518"]
[EventDate "2025.05.26"]

1. e4 c5 2. Nf3 d6 3. d4 cxd4 4. Nxd4 Nf6 5. Nc3 a6 6. Rg1 e5 7. Nb3 Be6 8. g4
d5 9. exd5 Nxd5 10. Nxd5 Qxd5 11. Qxd5 Bxd5 12. Be3 Nc6 13. O-O-O O-O-O 14. Bb6
Rd6 15. Rg3 Be7 16. Be2 Be6 17. Rc3 Rxd1+ 18. Kxd1 Bb4 19. Re3 Re8 20. a3 Be7
21. Rc3 Kb8 22. Na5 Nxa5 23. Bxa5 Bd8 24. Bb4 Bc7 25. h3 f5 26. Rd3 e4 27. Rd2
Bb6 28. gxf5 Bxf5 29. Bg4 Bxg4+ 30. hxg4 Kc8 31. Bc3 g6 32. g5 e3 33. fxe3 Bxe3
34. Rh2 Bxg5 35. Rxh7 Bf4 36. Rg7 Re6 37. Bd4 g5 38. c3 Rh6 39. Kc2 Rh2+ 40. Kb3
Rg2 41. c4 g4 42. Kb4 g3 43. Kc5 Rd2 44. Rg8+ Kd7 45. Bc3 Re2 46. Rg4 Be3+ 47.
Bd4 Bxd4+ 48. Rxd4+ Ke6 49. Rg4 g2 50. b4 Kf5 51. Rg8 Re5+ 52. Kb6 Re6+ 53. Kxb7
Rg6 54. Rxg6 Kxg6 55. Kxa6 g1=Q 56. c5 Kf6 57. c6 Ke6 58. b5 Kd6 59. a4 Kc7 60.
a5 Qc5 0-1

[Event "Norway Chess Open GM 2025"]
[Site "Stavanger NOR"]
[Date "2025.05.30"]
[Round "7.12"]
[White "Kantor, Gergely"]
[Black "Grebennikov, Nikolai A."]
[Result "1-0"]
[WhiteTitle "GM"]
[BlackTitle "CM"]
[WhiteElo "2581"]
[BlackElo "2199"]
[WhiteFideId "751499"]
[BlackFideId "4121988"]
[EventDate "2025.05.26"]

1. e4 d6 2. d4 Nf6 3. Nc3 g6 4. Be3 a6 5. h3 Nbd7 6. Nf3 e6 7. e5 Nd5 8. Nxd5
exd5 9. Qd2 Bg7 10. Bh6 Bxh6 11. Qxh6 dxe5 12. dxe5 Qe7 13. O-O-O Nb6 14. Qg7
Qf8 15. Qf6 Be6 16. Ng5 Kd7 17. g4 h6 18. Ne4 Rd8 19. Qf4 Kc8 20. Nf6 d4 21.
Rxd4 Qc5 22. Rxd8+ Rxd8 23. Be2 Bxa2 24. Rd1 Rxd1+ 25. Bxd1 Nc4 26. Qxh6 c6 27.
Qh8+ Kc7 28. Qb8+ Kxb8 29. Nd7+ Kc7 30. Nxc5 Nxe5 31. b3 Kb6 32. Nd3 Nxd3+ 33.
cxd3 g5 34. f4 f6 35. fxg5 fxg5 36. h4 gxh4 37. g5 h3 38. Kb2 Kc5 39. g6 Kd4 40.
g7 Bxb3 41. Kxb3 1-0

[Event "Norway Chess Open GM 2025"]
[Site "Stavanger NOR"]
[Date "2025.05.30"]
[Round "7.7"]
[White "Savitha, Shri B"]
[Black "Amar, Elham"]
[Result "1/2-1/2"]
[WhiteTitle "IM"]
[BlackTitle "GM"]
[WhiteElo "2298"]
[BlackElo "2569"]
[WhiteFideId "35061887"]
[BlackFideId "1533533"]
[EventDate "2025.05.26"]

1. e4 c5 2. Nf3 Nc6 3. Bb5 e6 4. O-O Nge7 5. c3 a6 6. Ba4 b5 7. Bc2 d5 8. a4 b4
9. d4 cxd4 10. Nxd4 Nxd4 11. cxd4 dxe4 12. Bxe4 Nd5 13. Nd2 Be7 14. Nc4 O-O 15.
Qd3 h6 16. Ne5 Bb7 17. Bd2 Rc8 18. Rac1 Rxc1 19. Rxc1 Bg5 20. Rc5 Bxd2 21. Qxd2
Qh4 22. Bf3 Rd8 23. g3 Qe7 24. Qc2 Qd6 25. Nc6 b3 26. Qc4 Bxc6 27. Rxc6 Qb4 28.
Bxd5 Qe1+ 29. Qf1 Qxf1+ 30. Kxf1 Rxd5 31. Rxa6 Rxd4 32. Rb6 Rxa4 33. Rxb3 g5 34.
h3 Kg7 35. Rb6 Re4 36. b4 h5 37. b5 h4 38. g4 Rb4 39. Kg2 Rb3 40. Rb7 Kg6 41.
Rb6 Rb4 42. Rb8 Kf6 43. Rb7 Rf4 44. Rc7 Rb4 45. Rb7 Rb3 46. b6 Rb1 47. Kf3 Rb2
48. Kg2 Rb3 49. Kh2 Rb2 50. Kg2 Rb4 51. Kg1 Kg6 52. Rb8 Kf6 53. Rb7 Kg7 54. Kg2
Rb3 55. Kh2 Rb4 56. Kg2 Kg6 57. Rb8 Kg7 58. Rb7 Rb3 59. Kh2 Rd3 60. Rc7 Rb3 61.
b7 Kg6 62. Re7 Kf6 63. Rc7 Kg6 64. Re7 Kf6 65. Rd7 Kg6 66. Re7 Kf6 1/2-1/2

[Event "Norway Chess Open GM 2025"]
[Site "Stavanger NOR"]
[Date "2025.05.30"]
[Round "7.1"]
[White "Urkedal, Frode Olav Olsen"]
[Black "Galperin, Platon"]
[Result "1/2-1/2"]
[WhiteTitle "GM"]
[BlackTitle "GM"]
[WhiteElo "2562"]
[BlackElo "2494"]
[WhiteFideId "1506102"]
[BlackFideId "14165414"]
[EventDate "2025.05.26"]

1. e4 e5 2. Nf3 Nc6 3. Bb5 a6 4. Ba4 Nge7 5. c3 Ng6 6. d4 exd4 7. cxd4 d5 8.
exd5 Bb4+ 9. Nc3 Bxc3+ 10. bxc3 Qxd5 11. O-O O-O 12. h3 Na5 13. Re1 b5 14. Bc2
Bf5 15. Bxf5 Qxf5 16. Ne5 Rfe8 17. Ng4 Nc4 18. a4 Qd5 19. Ne3 Nxe3 20. Rxe3 Nh4
21. Qg4 Nf5 22. Rf3 Re1+ 23. Kh2 g6 24. axb5 Qxb5 25. c4 Qxc4 26. Rxf5 Rxc1 27.
Rxc1 Qxc1 1/2-1/2

[Event "Norway Chess Open GM 2025"]
[Site "Stavanger NOR"]
[Date "2025.05.30"]
[Round "7.8"]
[White "Zhu, Jiner"]
[Black "Chakrabarty, Reyaansh"]
[Result "1/2-1/2"]
[WhiteTitle "GM"]
[BlackTitle "FM"]
[WhiteElo "2541"]
[BlackElo "2346"]
[WhiteFideId "8608059"]
[BlackFideId "3256944"]
[EventDate "2025.05.26"]

1. e4 c6 2. d4 d5 3. e5 c5 4. dxc5 e6 5. a3 Bxc5 6. Qg4 Ne7 7. Nf3 O-O 8. b4 Bb6
9. Bd3 f5 10. exf6 Rxf6 11. Qh5 h6 12. Bb2 Rf8 13. Nbd2 Nd7 14. O-O Nf6 15. Bxf6
Rxf6 16. Rad1 Qf8 17. c4 Bd7 18. c5 Bc7 19. Ne5 Be8 20. Qe2 Bxe5 21. Qxe5 Bg6
22. Nb3 Bxd3 23. Rxd3 Ng6 24. Qe3 Qf7 25. Rfd1 Rf8 26. f3 Nf4 27. Nc1 e5 28.
R3d2 e4 29. Rf1 exf3 30. gxf3 Nh3+ 31. Kh1 Rxf3 32. Rxf3 Qxf3+ 33. Qxf3 Rxf3 34.
Kg2 Rxa3 35. Ne2 Re3 36. Rxd5 Rxe2+ 37. Kxh3 Re4 38. b5 Rb4 39. c6 bxc6 40. bxc6
Rc4 41. Ra5 Rxc6 42. Rxa7 Kh7 43. Kg3 Rc4 44. Ra6 g5 45. h3 h5 46. Ra7+ Kg6 47.
Ra6+ 1/2-1/2

[Event "Norway Chess Open GM 2025"]
[Site "Stavanger NOR"]
[Date "2025.05.30"]
[Round "7.3"]
[White "Knuedel, Torben"]
[Black "Sivuk, Vitaly"]
[Result "1-0"]
[WhiteTitle "FM"]
[BlackTitle "GM"]
[WhiteElo "2319"]
[BlackElo "2501"]
[WhiteFideId "16208820"]
[BlackFideId "14116502"]
[EventDate "2025.05.26"]

1. e4 g6 2. d4 Bg7 3. Nc3 d6 4. g3 Nd7 5. Bg2 Rb8 6. Be3 b5 7. a3 a5 8. h4 h5 9.
Nf3 b4 10. axb4 axb4 11. Nd5 Ngf6 12. Nxf6+ Nxf6 13. Qd3 Ng4 14. O-O O-O 15. Bg5
Bd7 16. Rfe1 c5 17. e5 Bf5 18. Qc4 dxe5 19. dxe5 Be6 20. Qxc5 Rc8 21. Qxb4 Rxc2
22. Rf1 Rc4 23. Qxe7 Qb6 24. b3 Rb4 25. Bf6 Bxf6 26. exf6 Bf5 27. Ng5 Nxf6 28.
Ra7 Rd4 29. Nxf7 Nd7 30. Nh6+ Kh8 31. Rxd7 1-0

[Event "Norway Chess Open GM 2025"]
[Site "Stavanger NOR"]
[Date "2025.05.30"]
[Round "7.2"]
[White "Kunin, Vitaly"]
[Black "Yankelevich, Lev"]
[Result "1/2-1/2"]
[WhiteTitle "GM"]
[BlackTitle "GM"]
[WhiteElo "2497"]
[BlackElo "2422"]
[WhiteFideId "4128737"]
[BlackFideId "24684074"]
[EventDate "2025.05.26"]

1. e4 e5 2. Nf3 Nc6 3. Bb5 a6 4. Ba4 Nf6 5. O-O Be7 6. Re1 b5 7. Bb3 O-O 8. c3
d5 9. exd5 Nxd5 10. Nxe5 Nxe5 11. Rxe5 c6 12. d4 Bd6 13. Re1 Qh4 14. g3 Qh3 15.
Re4 g5 16. Qf1 Qh5 17. Qd1 Qh3 18. Qf1 Qh5 19. Qd1 1/2-1/2

[Event "Norway Chess Open GM 2025"]
[Site "Stavanger NOR"]
[Date "2025.05.30"]
[Round "7.13"]
[White "Lie, Kjetil A."]
[Black "Krivenko, Dion"]
[Result "1-0"]
[WhiteTitle "GM"]
[BlackTitle "FM"]
[WhiteElo "2493"]
[BlackElo "2243"]
[WhiteFideId "1501984"]
[BlackFideId "4508378"]
[EventDate "2025.05.26"]

1. e4 d5 2. exd5 Qxd5 3. h3 e5 4. Nf3 Nf6 5. Nc3 Qa5 6. Bc4 Bd6 7. O-O O-O 8.
Re1 Bf5 9. d3 c6 10. Nh4 Bg6 11. Nxg6 hxg6 12. Ne4 Qd8 13. Qf3 Nxe4 14. dxe4 b5
15. Bb3 Nd7 16. a4 b4 17. Qg4 Bc5 18. Qxg6 Qh4 19. Be3 Bxe3 20. Rxe3 Nf6 21. Rg3
Ne8 22. Rg5 Qf4 23. Rf5 1-0

[Event "Norway Chess Open GM 2025"]
[Site "Stavanger NOR"]
[Date "2025.05.30"]
[Round "7.4"]
[White "Mahitosh, Dey"]
[Black "Kvaloy, Aksel Bu"]
[Result "1/2-1/2"]
[WhiteTitle "FM"]
[BlackTitle "IM"]
[WhiteElo "2240"]
[BlackElo "2479"]
[WhiteFideId "25091468"]
[BlackFideId "1528815"]
[EventDate "2025.05.26"]

1. d4 Nf6 2. c4 e6 3. Nf3 d5 4. Nc3 Nbd7 5. Qc2 Bb4 6. cxd5 exd5 7. Bg5 c5 8. e3
Qa5 9. Bxf6 Nxf6 10. Rc1 O-O 11. a3 Bxc3+ 12. Qxc3 Qxc3+ 13. bxc3 Be6 14. c4
Rac8 15. cxd5 Bxd5 16. dxc5 Rc7 17. Bd3 Rfc8 18. Kd2 Rxc5 19. Rxc5 Rxc5 20. Rb1
Ra5 21. Rc1 g6 22. Rc3 Ne4+ 23. Bxe4 Bxe4 24. Ne1 Rd5+ 25. Kc1 Rb5 26. f3 Rb1+
27. Kd2 Bc6 28. e4 Kg7 29. Nc2 h5 30. Nd4 Rg1 31. g3 Rg2+ 32. Ke3 Rxh2 33. Nxc6
bxc6 34. Rxc6 g5 35. Ra6 Rg2 36. Rxa7 Rxg3 37. Kf2 Rh3 38. Ra5 g4 39. fxg4 hxg4 1/2-1/2

[Event "Norway Chess Open GM 2025"]
[Site "Stavanger NOR"]
[Date "2025.05.30"]
[Round "7.5"]
[White "Rozentalis, Eduardas"]
[Black "Sanket, Chakravarty"]
[Result "1/2-1/2"]
[WhiteTitle "GM"]
[BlackTitle "IM"]
[WhiteElo "2470"]
[BlackElo "2303"]
[WhiteFideId "12800023"]
[BlackFideId "25032038"]
[EventDate "2025.05.26"]

1. e4 c6 2. Nf3 d5 3. d3 dxe4 4. dxe4 Qxd1+ 5. Kxd1 Nf6 6. Nfd2 g5 7. f3 g4 8.
Nc4 h5 9. Bg5 Nbd7 10. h4 gxh3 11. Rxh3 Bh6 12. Bxh6 Rxh6 13. Nbd2 Nb6 14. Rh2
Be6 15. c3 O-O-O 16. Kc2 Rg6 17. Ne3 Kc7 18. Re1 Rg5 19. b3 a5 20. a4 Rxd2+ 21.
Kxd2 Bxb3 22. c4 Nxa4 23. e5 Rxe5 24. Nd5+ Rxd5+ 25. cxd5 Nxd5 26. Rxh5 Nc5 27.
g4 b5 28. Rh7 f6 29. f4 Nxf4 30. Rexe7+ Kd6 31. Ra7 a4 32. Rh6 Ke5 33. Rh5+ Kd4
34. Rf5 Ne4+ 35. Kc1 Nd5 36. Bg2 Nec3 37. Bxd5 Nxd5 38. g5 fxg5 39. Rxg5 b4 40.
Kb2 Kc5 41. Ra5+ Kb6 42. Ra8 Bd1 43. Kc1 Bb3 44. Kb2 Kb5 45. Rb8+ Kc5 46. Ra8
Bd1 47. Ra5+ Kb6 48. Raxd5 cxd5 49. Rxd5 Be2 50. Rd4 Kc5 1/2-1/2

[Event "Norway Chess Open GM 2025"]
[Site "Stavanger NOR"]
[Date "2025.05.30"]
[Round "7.9"]
[White "Harish, Neeraj"]
[Black "Alonso Garcia, Aaron"]
[Result "1/2-1/2"]
[WhiteTitle "CM"]
[BlackTitle "IM"]
[WhiteElo "2192"]
[BlackElo "2454"]
[WhiteFideId "30958130"]
[BlackFideId "24521060"]
[EventDate "2025.05.26"]

1. e4 e6 2. d4 d5 3. e5 c5 4. c3 Nc6 5. Nf3 Bd7 6. Be2 f6 7. O-O fxe5 8. Nxe5
cxd4 9. Nxc6 bxc6 10. cxd4 Bd6 11. Nc3 Qf6 12. Be3 Ne7 13. Qd2 Nf5 14. Rad1 O-O
15. Bf4 Rab8 16. Bxd6 Nxd6 17. Na4 e5 18. Nc5 Bf5 19. dxe5 Qxe5 20. b3 Rf6 21.
Bd3 Rh6 22. f4 Qe7 23. Rfe1 Qf7 24. Bxf5 Nxf5 25. Re5 Re8 26. Rde1 Rxe5 27. Rxe5
Rd6 1/2-1/2

[Event "Norway Chess Open GM 2025"]
[Site "Stavanger NOR"]
[Date "2025.05.30"]
[Round "7.40"]
[White "Zhou, Yang-Fan"]
[Black "Hedman, Erik"]
[Result "1/2-1/2"]
[WhiteTitle "IM"]
[BlackTitle "IM"]
[WhiteElo "2425"]
[BlackElo "2272"]
[WhiteFideId "468584"]
[BlackFideId "1702351"]
[EventDate "2025.05.26"]

1. e4 c5 2. Nf3 a6 3. g3 b5 4. Bg2 Bb7 5. d4 Bxe4 6. Nc3 Bb7 7. d5 d6 8. O-O Nf6
9. Bg5 Nbd7 10. Re1 b4 11. Ne2 g6 12. a3 a5 13. c4 bxc3 14. Nxc3 Bg7 15. Qe2 O-O
16. Qxe7 Qb6 17. Bxf6 Nxf6 18. Na4 Qb5 19. Bf1 Qxa4 20. Qxb7 Rab8 21. Qc6 Qxc6
22. dxc6 Rfc8 23. b4 axb4 24. axb4 Rxb4 25. Ra7 Rxc6 26. Ree7 Bf8 27. Rxf7 Ne4
28. Rxh7 1/2-1/2

[Event "Norway Chess Open GM 2025"]
[Site "Stavanger NOR"]
[Date "2025.05.30"]
[Round "7.6"]
[White "Wang, Hao(ZJ)"]
[Black "Haug, Havard"]
[Result "1-0"]
[BlackTitle "FM"]
[WhiteElo "2418"]
[BlackElo "2354"]
[WhiteFideId "8631859"]
[BlackFideId "1547887"]
[EventDate "2025.05.26"]

1. e4 c6 2. d4 d5 3. e5 c5 4. Nf3 Bg4 5. dxc5 Nc6 6. c3 e6 7. Be3 a6 8. Nbd2
Nxe5 9. Qa4+ Qd7 10. Qf4 Nxf3+ 11. Nxf3 Bxf3 12. Qxf3 Ne7 13. Bd3 Nc6 14. O-O
Ne5 15. Qe2 Nxd3 16. Qxd3 Be7 17. Bd4 O-O 18. Rae1 Rfe8 19. f4 Bf8 20. b4 Qb5
21. Qh3 a5 22. a3 axb4 23. axb4 g6 24. g4 Bg7 25. Bxg7 Kxg7 26. f5 exf5 27. gxf5
f6 28. fxg6 hxg6 29. Re6 f5 30. Rb6 Qd7 31. Rd6 Qe7 32. Qg2 Qe3+ 33. Kh1 Re6 34.
Qxd5 Rxd6 35. Qxb7+ Rd7 36. Qxd7+ Kh6 37. Qd4 Qe2 38. Qf4+ Kh7 39. Qf3 Qc4 40.
Rd1 Ra7 41. c6 Qh4 42. Qe3 Re7 43. Qxe7+ 1-0

[Event "Norway Chess Open GM 2025"]
[Site "Stavanger NOR"]
[Date "2025.05.30"]
[Round "7.10"]
[White "Hansen, Torbjorn Ringdal"]
[Black "Hohelj, Stanislav"]
[Result "1-0"]
[WhiteTitle "GM"]
[WhiteElo "2407"]
[BlackElo "2300"]
[WhiteFideId "1501720"]
[BlackFideId "14101394"]
[EventDate "2025.05.26"]

1. Nf3 d5 2. g3 c6 3. Bg2 Bf5 4. O-O Nf6 5. d3 Qc8 6. c4 Bh3 7. Bxh3 Qxh3 8. Qb3
Qc8 9. cxd5 cxd5 10. Bg5 e6 11. Bxf6 gxf6 12. Nc3 Nc6 13. e4 d4 14. Ne2 Qd7 15.
Rac1 Bh6 16. Rc5 b6 17. Rh5 Bf8 18. Rc1 Bc5 19. Nf4 Ke7 20. Qd1 Qd6 21. a3 a5
22. Qf1 Rag8 23. Kh1 Ne5 24. Nxe5 fxe5 25. Ne2 Rg7 26. Qh3 a4 27. Qh4+ f6 28.
Rf1 Rf7 29. f4 exf4 30. Nxf4 Ke8 31. Rh6 Qc6 32. Qh3 Kd7 33. Ng6 hxg6 34. Rxh8
f5 35. Rh7 Ke8 36. Rxf7 Kxf7 37. g4 Bd6 38. Qh7+ Kf6 39. g5+ Kxg5 40. Rg1+ Kf4
41. Qh3 fxe4 42. Qg3+ 1-0

[Event "Norway Chess Open GM 2025"]
[Site "Stavanger NOR"]
[Date "2025.05.30"]
[Round "7.11"]
[White "Vestby-Ellingsen, Mads"]
[Black "Southcott-Moyers, Indy"]
[Result "1-0"]
[WhiteTitle "IM"]
[BlackTitle "CM"]
[WhiteElo "2382"]
[BlackElo "2292"]
[WhiteFideId "1520857"]
[BlackFideId "488542"]
[EventDate "2025.05.26"]

1. e4 e5 2. Nf3 Nc6 3. Bc4 Bc5 4. c3 Nf6 5. d3 d6 6. O-O a5 7. Re1 O-O 8. h3 h6
9. d4 Bb6 10. Bb3 Re8 11. Bc2 exd4 12. cxd4 Nb4 13. Nc3 Nxc2 14. Qxc2 c6 15. Re2
Be6 16. Be3 Rc8 17. Nd2 d5 18. e5 Nd7 19. f4 c5 20. Nf3 cxd4 21. Nxd4 Rc4 22.
Qd2 Bxd4 23. Bxd4 Qh4 24. Nb5 Rec8 25. Nd6 Rc2 26. Qe3 Rxe2 27. Qxe2 Qxf4 28.
Nxc8 Qxd4+ 29. Kh1 Qc5 30. Nd6 d4 31. Re1 Bxa2 32. Nxf7 Qd5 33. e6 Nf6 34. Qd3
Kf8 35. Qg6 Ng8 36. Ng5 1-0

[Event "Norway Chess Open GM 2025"]
[Site "Stavanger NOR"]
[Date "2025.05.30"]
[Round "7.15"]
[White "Gentemann, Moritz"]
[Black "Tulchynskyi, Feliks"]
[Result "0-1"]
[BlackTitle "FM"]
[WhiteElo "2242"]
[BlackElo "2380"]
[WhiteFideId "4688007"]
[BlackFideId "34127895"]
[EventDate "2025.05.26"]

1. c4 e6 2. Nf3 Nf6 3. e3 d5 4. Nc3 Bd6 5. b3 O-O 6. Bb2 Nc6 7. h3 a6 8. a3 b6
9. d4 Bb7 10. Qc2 Ne7 11. Na4 dxc4 12. bxc4 c5 13. dxc5 bxc5 14. Bd3 Ng6 15. h4
Qa5+ 16. Kf1 Bc6 17. Nc3 Rab8 18. Ng5 Be5 19. Rc1 Rfd8 20. Ke2 Nh5 21. Bxg6 hxg6
22. Rhg1 f6 23. Ba1 fxg5 24. hxg5 Qc7 25. Qxg6 Be8 26. Qxe6+ Bf7 27. Qg4 Nf4+
28. exf4 Bxc4+ 29. Ke1 Bxc3+ 30. Bxc3 Re8+ 31. Be5 Qa5+ 32. Kd1 Rbd8+ 33. Kc2
Qd2+ 0-1

[Event "Norway Chess Open GM 2025"]
[Site "Stavanger NOR"]
[Date "2025.05.30"]
[Round "7.34"]
[White "Gasland, Lukas Dominik"]
[Black "Li, Guohao"]
[Result "0-1"]
[WhiteElo "1997"]
[BlackElo "2355"]
[WhiteFideId "1557882"]
[BlackFideId "8619999"]
[EventDate "2025.05.26"]

1. Nf3 Nf6 2. g3 g6 3. Bg2 Bg7 4. O-O O-O 5. d3 d6 6. e4 c5 7. Nc3 Nc6 8. h3 Rb8
9. a4 a6 10. Nh4 b5 11. f4 b4 12. Ne2 Nd4 13. Nxd4 cxd4 14. f5 b3 15. cxb3 Nd7
16. g4 Nc5 17. Ra3 a5 18. g5 Ba6 19. Rf3 Be5 20. Bf1 Qb6 21. f6 e6 22. Ng2 Nxb3
23. Bf4 Rfc8 24. Qe1 Qd8 25. h4 Bxf4 26. Nxf4 Rc1 27. Qf2 Qc8 28. h5 Qc2 29. Qh4
Nd2 30. Rf2 Qb1 31. Qh3 Nxf1 32. Rxf1 Rxb2 33. hxg6 hxg6 0-1